000 00200nam a22000977a 4500
003 SGT
245 _aINDIAN GEOTECHNICAL JOURNAL
260 _bSpringer publisher
_c2019
300 _a600
942 _2ddc
_cBV
999 _c29101
_d29101